Carpentary and joinery for advanced craft students : Site practice / (Record no. 1808)
[ view plain ]
| 000 -LEADER | |
|---|---|
| fixed length control field | 00452cam a2200169ua 4500 |
| 020 ## - INTERNATIONAL STANDARD BOOK NUMBER | |
| ISBN | 0 09 152601 9 |
| 041 ## - LANGUAGE CODE | |
| Language code of text/sound track or separate title | eng |
| 082 ## - DEWEY DECIMAL CLASSIFICATION NUMBER | |
| Classification number | 694.1 |
| Item number | BET/CA |
| 100 ## - MAIN ENTRY--AUTHOR NAME | |
| Personal name | Bett, Peter . |
| 245 ## - TITLE STATEMENT | |
| Title | Carpentary and joinery for advanced craft students : Site practice / |
| 250 ## - EDITION STATEMENT | |
| Edition statement | 1 / |
| 260 ## - PUBLICATION, DISTRIBUTION, ETC. (IMPRINT) | |
| Place of publication | London : |
| Name of publisher | Hutchinson and co. , |
| Year of publication | 1985. |
| 300 ## - PHYSICAL DESCRIPTION | |
| Number of Pages | 391 ; . |
| 942 ## - ADDED ENTRY ELEMENTS (KOHA) | |
| Koha item type | Books |
| Withdrawn status | Lost status | Damaged status | Home library | Current library | Date acquired | Full call number | Accession Number | Koha item type |
|---|---|---|---|---|---|---|---|---|
| KAUAET | KAUAET | 10/09/1986 | 694.1 BET/CA | 15757 | Books |
